Statistics for Reality TV Catchphrases

Click here to take the quiz!

General Stats

  • This quiz has been taken 53 times
  • The average score is 7 of 15

Answer Stats

CatchphraseAnswer% Correct
The tribe has spokenSurvivor
84%
You're fired!The Apprentice
80%
You have been evictedBig Brother
69%
You've been eliminated from the race.Amazing Race
67%
You did not get a rose.The Bachelor
64%
You've been choppedChopped
62%
You are the weakest linkWeakest Link
62%
Now, sashay awayRuPaul's Drag Race
44%
Auf WiedersehenProject Runway
38%
You are no longer in the running...America's Next Top Model
33%
Please pack your knives and goTop Chef
31%
The loser must walk down the dock of shame to catch the boat of losers and they can never come back ever.Total Drama
13%
I'm going to need the money back in the case.Cutthroat Kitchen
9%
Au Revoir and Good LuckMy Kitchen Rules
4%
Your tour ends hereRock of Love
4%

Score Distribution

Percentile by Number Answered

Percent of People with Each Score

Your Score History

You have not taken this quiz